| 000 | 00783nam a2200217 i 4500 | ||
|---|---|---|---|
| 001 | 164925 | ||
| 003 | ES-MaACL | ||
| 005 | 20250724074836.0 | ||
| 008 | 050812s1875 gw | |||||||| ||ger d | ||
| 040 |
_aCAM _bspa _cCAM |
||
| 100 | 1 |
_aSchlegel, Victor. _9132551 |
|
| 245 | 1 | 4 |
_aDie elemente der modernen geometrie und algebra _b: nach den prizipien der grassmann'schen ausdehnungslehre ... / _cdargestellt von Victor Schlegel. |
| 260 |
_aLeipzig : _bdruck und verlag von B.G. Teubner, _c1875. |
||
| 300 |
_a260 p. ; _c23 cm. |
||
| 490 | 1 |
_aSystem der raumlehre ; _v2 |
|
| 597 | _aHay otra port. para la serie. | ||
| 650 | 0 | 7 |
_aGeometría _2embne _913096 |
| 830 | 0 |
_aSystem der raumlehre ; _v2 _9188512 |
|
| 852 |
_aES-MaACL _jF-2754 _z-- Rúst. |
||
| 999 |
_c164925 _d164925 |
||